[Event "Sigeman & Co 15th"]
[Site "Malmo"]
[Date "2007.04.23"]
[Round "6"]
[White "Berg, Emanuel"]
[Black "Negi, Parimarjan"]
[Result "1-0"]
[WhiteElo "2574"]
[BlackElo "2515"]
[Annotator "Berg,E"]
[PlyCount "85"]
[EventDate "2007.04.18"]
[EventType "tourn"]
[EventRounds "9"]
[EventCountry "SWE"]
[EventCategory "13"]
[SourceTitle "CBM 118"]
[Source "ChessBase"]
[SourceDate "2007.05.31"]
[SourceVersion "1"]
[SourceVersionDate "2007.05.31"]
[SourceQuality "1"]

1. e4 c5 2. Nf3 d6 3. d4 cxd4 4. Nxd4 Nf6 5. Nc3 a6 6. Bg5 e6 7. f4 Nbd7 8. Qf3
Qc7 9. O-O-O b5 ({The alternative is} 9... Be7 10. Bd3 h6 11. Bh4 g5 12. fxg5
Ne5 13. Qe2 Nfg4 {when the game gets a bit more positional. Black has good
central control, but White is a bit ahead in development.}) 10. Bd3 ({The
seemingly interesting move} 10. e5 {more or less leads to a forced draw after}
Bb7 11. Qh3 dxe5 12. Nxe6 fxe6 13. Qxe6+ Be7 {Now for instance} 14. Bxb5 ({
Also possible is} 14. Bxf6 gxf6 15. Be2 (15. Bxb5 axb5 16. Nxb5 Qc6 17. Nd6+
Kd8 18. Nxb7+ Qxb7 (18... Kc7 19. Qxe7 Rxa2 20. Qxd7+ Qxd7 21. Rxd7+ Kxd7 22.
Nc5+ Kc6 23. Nb3) 19. Rxd7+ Qxd7 20. Rd1 Qxd1+ 21. Kxd1 exf4 22. a4) 15... h5
$1 16. Nd5 Bxd5 17. Rxd5 Nb6 {and here White's best option is to force the
draw with} 18. Bxh5+ Rxh5 19. Qg8+ Bf8 20. Qe6+ Be7 $11 (20... Qe7 21. Qxb6 {
gives White good compensation for the piece.})) 14... axb5 15. Nxb5 Qc6 16.
Nd6+ Kd8 17. fxe5 (17. Nxb7+ $2 Qxb7 (17... Kc7 $5 18. Qxe7 Rxa2 19. Bxf6 gxf6
20. Qxd7+ (20. fxe5 Ra1+ 21. Kd2 Qd5+ 22. Ke2 Qxg2+ 23. Ke3 Qg5+ 24. Ke2 Qg4+
25. Kd2 Rxd1+ 26. Rxd1 Kxb7 27. Kc1) 20... Qxd7 21. Rxd7+ Kxd7 22. Nc5+ Kc6 23.
Nb3 Rg8 24. g3 exf4 25. gxf4 Ra4 $17) 18. Bxf6 (18. fxe5 Ra6 19. Rxd7+ Nxd7 20.
Qxe7+ Kc8 21. Qxg7 Rf8 $19) 18... Bxf6 19. Rxd7+ Qxd7 20. Rd1 Qxd1+ 21. Kxd1
exf4 {and Black was even slightly better in 1/2-1/2 Berg,E (2529)-Aagaard,J 
(2431)/Stockholm 2005/Min Bas/[Berg,Emanuel] (26)}) 17... Kc7 (17... Re8 $5 18.
exf6 gxf6 19. Nxb7+ Qxb7 20. Rd3 fxg5 21. Rhd1 Ra7 22. Rxd7+ Qxd7 23. Qb6+ Rc7
(23... Kc8 24. Rxd7 Rxd7 25. Qc6+ Kd8 26. Qa8+ Kc7 27. Qxe8 $18) 24. Qb8+ Rc8
25. Qb6+ $11) 18. Qxe7 Rxa2 $1 (18... Nd5 {is unnecessary and gives White some
hope after} 19. Rxd5 Qxd5 20. Rd1 Qxe5 21. Nxb7 Qxe7 22. Bxe7 Rxa2 23. Nd6 Ra1+
24. Kd2 Rxd1+ 25. Kxd1 $15) 19. exf6 Ra1+ 20. Kd2 Qd5+ 21. Kc3 (21. Ke2 Qxg2+
22. Kd3 Qd5+ $11) 21... Qa5+ 22. Kd3 Qd5+ $11) 10... Bb7 11. Rhe1 Qb6 $1 {
A strong move that forces White to actions which are not unfavorable for Black.
Either White must go for the piece sacrifice played in the game or retract the
knight to b3 with a rather equal position.} ({After both the alternatives} 
11... O-O-O {and}) (11... Be7 12. Qg3 {Black is facing difficulties.}) (11...
b4 {is met by the standard sacrifice} 12. Nd5 $1 exd5 13. exd5+ Kd8 14. Nc6+
Bxc6 15. dxc6 {with very good compensation for the sacrificed piece.}) 12. Nd5
Qxd4 (12... exd5 {is bad in view of} 13. Nc6 $1 {with advantage to White.}) 13.
Bxf6 gxf6 14. Bxb5 Qc5 15. Nxf6+ {This is all known theory. After} (15. b4 $6 {
Black gives up his queen with} Qxb5 $1 16. Nc7+ Ke7 17. Nxb5 axb5 {with an
excellent position. The three pieces are superior to the white queen.}) 15...
Kd8 16. Nxd7 Qxb5 17. Nxf8 Rxf8 18. Qa3 Ke8 $1 {Much better than} (18... Rc8
19. Qxd6+ Ke8 20. Re3 $1 Qc6 21. Qd2 {when White has a powerful initiaitve.
Now Rc3 is a serious threat and after} Ke7 22. Qb4+ Kf6 23. c3 $1 {Black is in
seious trouble, for instance} Qc5 24. e5+ Kf5 25. g4+ Kg6 26. f5+ Kg7 27. Qf4
Qc4 28. Rd4 Qxa2 29. Rh3 Qa1+ 30. Kc2 {1-0 as in Fier,A (2490)-Oliveira,J 
(2183)/Guarulhos BRA 2006/TWIC}) 19. Qxd6 Qc6 $1 20. Qd4 (20. Qd2 {is met by}
Qc7 $1 {with the idea of ...Rd8 next, exchanging off some pieces. Now White
doesn't have time for the Re3-manouvre.} {After} 21. g3 f6 22. e5 f5 23. Qd6
Qxd6 24. Rxd6 Ke7 25. Red1 Bd5 26. b3 Rfc8 27. Kb2 a5 28. Rb6 Rcb8 29. Rxb8
Rxb8 30. Rd4 h5 $1 {Black got a good game and went on to win in 0-1 Luther,
T-Sasikiran,K Aeroflot Open 2007.}) 20... Qc7 21. f5 $5 $146 (21. g3 {is the
solid move and was played in was played in Alvir,A (2370)-Pachta,P (2300)/
Austria 2006/EXT 2007. However, Black didn't get any immediate trouble after}
Rd8 22. Qa4+ Ke7 (22... Qc6 $5) 23. Qb4+ Kf6 {and although the Black king
looks a bit shaky White has no good way to exploit it and Black has good
control over the opened d-file.}) 21... Rg8 {RRO: 'Black takes control over
the g-file and stops White from any plans of invation with Qg7.'} (21... Rd8
22. Qa4+ Rd7 ({After} 22... Qc6 23. Qa5 {Black loses important dark square
control.}) (22... Ke7 {is bad in view of} 23. Qb4+ Kf6 24. e5+ Kg7 25. Rxd8
Rxd8 26. fxe6 fxe6 27. Qg4+ Kh8 28. Qxe6 {gives White four pawns for the
sacrificed piece and a wide open king for Black..} Qg7) 23. Rxd7 Qxd7 24. Qa5 {
Planning Rd1 with some initiative for White.}) 22. g3 Rc8 (22... Rd8 23. Qa4+
Rd7 24. Rxd7 Qxd7 25. Qa5) 23. Rd2 e5 ({Stronger was} 23... Rd8 $1 24. Qa4+ Qc6
{and now after} 25. Qa5 Rxd2 {White can no longer recapture with his rook as
in the earlier variations. After} 26. Qxd2 e5 27. Rd1 Qc7 $15 {Black has
managed to exchange an important pair of rooks and stands slightly better.})
24. Qa4+ Kf8 ({After} 24... Qc6 {there might follow} 25. Qb4 f6 26. c3 {
RRO: 'with repetition of moves and a draw as the result.'} Qb5 27. Qd6 Qc6 28.
Qb4 $11 {with a draw by repetition.}) 25. Rd7 (25. f6 {doesn't give White much
after} Rg6 26. Qb4+ Kg8 {and the king is in safety, leaving White with a weak
f-pawn.}) 25... Qc6 26. Qb4+ Kg7 27. Qd2 Kh8 28. c3 {Freeing the queen from
the defence of c2. Now Rxf7 is a threat.} (28. Rxf7 {is by far too risky.
Black takes over the game with} Rgd8 29. Qe2 Qh6+ $1 30. Qe3 Bxe4 $1 31. c3 Qh5
{with a clear advantage.}) ({Black also has a good game after} 28. Rd1 $2 Qxe4
29. Rxf7 Bd5 $1 30. Rd7 Bc6 31. Rf7 Be8 $1 {with a clear advantage.}) 28... f6
(28... Rc7 29. Rd6 Qe8 30. Rd1 $5 {with compensation for White.}) 29. Rd1 $6 ({
Better was} 29. Rd6 Qa4 30. Qh6 Rxc3+ $2 (30... Qxa2 {leads to a draw after}
31. Qxf6+ Rg7 32. Rd8+ Rxd8 33. Qxd8+ Qg8 34. Qf6 Qa2 $11) 31. Kb1 $1 Bxe4+ 32.
Ka1 Rc7 $8 33. Qxf6+ Rcg7 34. Qxe5 $36 {White has three pawns a crushing
position. Just lloking at the cramped pieces around the Black king should be
enough to make a judgement.}) 29... Rg7 $2 ({Better was} 29... Rc7 $1 30. Rd8
Rf7 31. Qh6 Qc7 $1 $17 {'with advantage to Black.}) 30. Rd6 ({After} 30. Rd8+
Rxd8 31. Qxd8+ Rg8 32. Qe7 {Black has dangerous counterthreats with} Qb6 $1 {
but White seems to be just OK after} 33. Rd7 Qe3+ ({The critical variation is} 
33... Qg1+ 34. Kd2 Qxh2+ {but now White gets away with} 35. Kd3 $1 Bxe4+ 36.
Kxe4 Qg2+ (36... Qh1+ 37. Kd3 Qf1+) 37. Kd3 Qxg3+ 38. Kc4 Qf4+ 39. Kb3 Qxf5 40.
Rd6 {and only White could be better here.}) 34. Kd1 Qg1+ 35. Kd2 Qg2+ 36. Kc1
$11) ({Also} 30. Rxg7 Kxg7 31. Qd7+ Kg8 32. Qe7 {seems to end up in a draw
after some complications.} Qb6 $1 33. Rd7 Qg1+ 34. Kd2 Qxh2+ 35. Kd1 Qh1+ 36.
Kd2 Qh6+ 37. Kd3 Ba8 38. Qe6+ Kh8 39. Rxh7+ $1 Qxh7 (39... Kxh7 40. Qxc8 Bxe4+
41. Kxe4 Qh1+ 42. Kd3 Qf1+ 43. Kc2 Qe2+ 44. Kb3 Qb5+ $11) 40. Qxc8+ Qg8 41.
Qxa6 Qxg3+ 42. Kc4 $1 Qg8+ 43. Kd3 $11) 30... Qa4 $4 {The decisive mistake
based on a miscalculation. After} (30... Qxe4 {White can either force a draw
with} 31. Rd8+ (31. Rxf6 Qc4 32. Qd6 Rcg8 (32... Bf3 33. Rf8+ Rxf8 34. Qxf8+
Qg8 35. Rd8 Qxf8 36. Rxf8+ Rg8 37. Rf6 a5 $15) 33. Rf8) 31... Rg8 32. Qh6 Qxf5
33. R1d7 Rcxd8 34. Rxh7+ $1 Qxh7 35. Qxf6+ Qg7 36. Qh4+ Qh7 37. Qf6+ Rg7 38.
Qxd8+ $11 {with perpetual checks or continue playing 31.Rxf6 and the position
remains unclear.}) 31. Rd8+ {White is winning.} Rg8 32. Qh6 Rxc3+ {The point
behind Black's 30...Qa4. Unfortunately for him White doesn't need to accept
this very nice sacrifice and after White's next move Black is lost with no
hope of counterplay.} (32... Rgxd8 33. Qxf6+ Kg8 34. Rxd8+ Rxd8 35. Qxd8+ Kf7
36. Qc7+ Kf6 37. Qxb7 $18) 33. Kb1 $1 (33. bxc3 $4 {gives Black a clear
advantage after} Qa3+ 34. Kc2 Qxa2+ 35. Kc1 Qa3+ 36. Kc2 Bxe4+ 37. R1d3 Bxd3+
38. Rxd3 Qe7 {Although the material is balanced, White's badly placed King
will most probably decide the game sooner or later. Black also has two passed
pawns as a trump.}) 33... Bxe4+ 34. Ka1 Qxd1+ {The only way to continue the
game, but the fight is soon to be over anyway.} 35. Rxd1 Rc6 36. Qh5 Rgc8 37.
b3 $1 {An important defensive move taking away the last hopes for Black. Now
Rd7 is a deadly threat.} R6c7 38. Qh6 {A slight error in time trouble.} (38.
Qh4 $1 $18 {wins right away.}) 38... Rf7 39. Rd6 Rcf8 40. g4 Bb7 41. h4 e4 42.
g5 Re8 43. Rxf6 {White resigned.} 1-0